|
|
|
|
| LEADER |
00000nab a2200000 a 4500 |
| 001 |
vtls009175820 |
| 003 |
SK-MaSNL |
| 005 |
20260426085155.0 |
| 008 |
250506c2007 xo zr|p|||||||000 b|slo |
| 015 |
|
|
|a SNBRB2008/01
|2 snkbucl
|
| 035 |
|
|
|a (uuid)a7ed6e1d-3723-4191-96b1-4e2a7ad0192e
|
| 035 |
|
|
|a urn:nbn:sk:snk-aba09y
|
| 035 |
|
|
|a (urnnbn)urn:nbn:sk:snk:ar-a097ey
|
| 040 |
|
|
|a SNKBUCL
|b slo
|c SNKBUCL
|e AACR2
|
| 041 |
0 |
|
|a slo
|
| 044 |
|
|
|a xo
|c SK
|
| 080 |
|
|
|a 321.01
|x (4-11)
|2 2001
|
| 100 |
1 |
|
|a Csepeli, György,
|d 1946-
|4 aut
|9 674059
|
| 245 |
1 |
0 |
|a Nová bieda malých európskych štátov
|c György Csepeli; preklad Juliana Szolnokiová
|
| 504 |
|
|
|a Bibliogr. odkazy
|
| 648 |
|
7 |
|a po 1989
|2 snkbucl
|9 310873
|
| 650 |
0 |
7 |
|a politika
|2 snkbucl
|9 968
|
| 650 |
0 |
7 |
|a národné štáty
|2 snkbucl
|9 16818
|
| 651 |
|
7 |
|a Európa východná
|2 snkbucl
|9 167635
|
| 700 |
1 |
|
|a Szolnokiová, Juliana,
|d 1946-2009
|4 trl
|9 131907
|
| 773 |
0 |
|
|t OS
|g Roč. 11, č. 4 (2007), s. 44-51
|x 1335-2296
|
| 850 |
|
|
|a Slovenská národná knižnica
|
| 852 |
|
|
|a Slovenská národná knižnica
|
| 954 |
|
|
|a odborná, vedecká literatúra pôvodná (slovenská)
|2 lita
|
| 958 |
|
|
|a article13
|
| 958 |
|
|
|a OND
|
| 958 |
|
|
|a NB
|
| 958 |
|
|
|a EUIPO
|
| 999 |
|
|
|c 2956021
|d 2957951
|